Statistics for Biggest R&B bands

Click here to take the quiz!

General Stats

  • This quiz has been taken 6 times
  • The average score is 6 of 10

Answer Stats

Answer% Correct
TLC
100%
Boyz II Men
80%
Destiny’s Child
80%
Fugees
80%
The Supremes
80%
En Vogue
60%
Jodeci
40%
New Edition
40%
SWV
40%
Kool & The Gang
20%

Score Distribution

Percentile by Number Answered

Percent of People with Each Score

Your Score History

You have not taken this quiz